| 000 | 00598cam a2200145 4500500 | ||
|---|---|---|---|
| 005 | 20260222004951.0 | ||
| 041 | _afre | ||
| 042 | _adc | ||
| 100 | 1 | 0 |
_aBrossard, Lise _eauthor |
| 245 | 0 | 0 | _aJill Carrick, Nouveau Réalisme. Retour sur les topographies du hasard, Traduction annotée par Hélène Sirven, Paris, Éditions de la Sorbonne, 2018, 154 pages. |
| 260 | _c2020. | ||
| 500 | _a76 | ||
| 786 | 0 | _nRecherches en Esthétique | 25 | 1 | 2020-01-09 | p. 227-228 | 1267-9291 | |
| 856 | 4 | 1 | _uhttps://shs.cairn.info/revue-recherches-en-esthetique-2026-1-page-227?lang=fr&redirect-ssocas=7080 |
| 999 |
_c1669176 _d1669176 |
||